MARC

LEADER 00000nam0a2200000 4500
001 251347
005 20231101232641.0
010 |a 5335002409 
020 |a RU  |b 89-17594 
035 |a (RuTPU)RU\TPU\book\273626 
090 |a 251347 
100 |a 20140220d1989 k y0rusy5003 ca 
101 0 |a rus 
102 |a UA 
105 |a y z 001zy 
200 1 |a Проектирование программного обеспечения персональной ЭВМ Искра-226  |f В. З. Аладьев [и др.] 
210 |a Киев  |c Тэхника  |d 1989 
215 |a 254,[1] с. 
320 |a Библиогр.: с. 251-253 (52 назв.). 
606 1 |a Цифровые вычислительные машины  |x Программирование  |2 stltpush  |3 (RuTPU)RU\TPU\subj\18457  |9 43888 
610 1 |a вычислительные машины электронные персональные 
610 1 |a программное обеспечение 
610 1 |a архитектура 
610 1 |a языки программирования 
610 1 |a Бейсик 
675 |a 681.322.06  |z rus 
701 1 |a Аладьев  |b В. З.  |g Виктор Захарович 
701 1 |a Краснопрошина  |b А. А.  |g Аида Андреевна 
701 1 |a Крижановский  |b В. В.  |g Владимир Валентинович 
701 1 |a Мартыненко  |b Я. Г.  |g Ярослав Григорьевич 
801 0 |a RU  |b RuMRKP  |c 19950417  |g psbo 
801 1 |a RU  |b 63413507  |c 20140220 
801 2 |a RU  |b 63413507  |c 20181217  |g RCR 
942 |c BK